00000000nam##2200000za#4500
0019.667319
003CaOODSP
00520210615123436
007ta
008150407|2006||||xxc|||||     f|0| 0 eng|d
020 |a0-662-69678-6
040 |aCaOODSP|beng
041 |aeng
041 |afre
043 |an-cn---
0861 |aNR1-3/2006
1102 |aNational Research Council Canada.
24510|aDirectory of NRC institutes, programs and technology centres
260 |aOttawa - Ontario : |bNational Research Council |c2006.
300 |aEnglish text, 24p. : |bphotographs ; |c28 cm.
5203 |aThis directory provides contact information and profiles of 22 National Research Council institutes, programs, and technology centres. Examples include the Biotechnology Research Institute, the Industrial Research Assistance Program, and the Herzberg Institute of Astrophysics. Each profile explains the type of research the organization or program supports, as well as related organizations. Contact information includes a Web site address, mailing address, and phone number.
563 |aSoftcover
590 |a07-31|b2007-08-03
69007|aDirectories|2gcpds
69007|aResearch institutes|2gcpds
69007|aScientific research|2gcpds
7760#|tRépertoire des instituts, programmes et centres de technologie du CNRC |w(CaOODSP)9.632587
7760#|tDirectory of NRC institutes, programs and technology centres |w(CaOODSP)9.688154
792 |tRépertoire des instituts, programmes et centres de technologie du CNRC |efre|w(CaOODSP)9.667320